000 00301nam a22001337a 4500
008 170715b xxu||||| |||| 00| 0 eng d
020 _a9780300062557
041 _aeng
080 _a2
100 _a24
101 _aANT
245 _aCHRISTIANITY AND CLASSICAL CULTURE
_cPELIKAN,J
942 _2udc
_cBK
999 _c21182
_d21182